00335nam a2200121Ia 4500008004100000041000800041082001200049100001900061245004000080260005000120300001900170520002400189240719s9999 xx 000 0 und d aeng a828 HAB aHabard, Ron L. aScientology Vicharo ka mool sidhant aNew DehlibDenmark:New Era Publicationsc2009 a213.; P. 22 cm aGifted By : New era